书目信息 |
| 题名: |
社会中介组织法律地位
|
|
| 作者: | 丁邦开 , 丁凤楚 著 | |
| 分册: | ||
| 出版信息: | 南京 东南大学出版社 2008.09 |
|
| 页数: | 377页 | |
| 开本: | 21cm | |
| 丛书名: | ||
| 单 册: | ||
| 中图分类: | D922.294.4 | |
| 科图分类: | ||
| 主题词: | 中介组织--zhong jie zu zhi--法律--研究--中国 | |
| 电子资源: | ||
| ISBN: | 978-7-5641-1368-1 | |
| 000 | 00910nam0 2200253 450 | |
| 001 | 012009604395 | |
| 005 | 20090919161746.23 | |
| 010 | @a978-7-5641-1368-1@dCNY32.00 | |
| 100 | @a20090919d2008 em y0chiy0120 ea | |
| 101 | 0 | @achi |
| 102 | @aCN@b320000 | |
| 105 | @ay a 000yy | |
| 106 | @ar | |
| 200 | 1 | @a社会中介组织法律地位@Ashe hui zhong jie zu zhi fa lu di wei@f丁邦开, 丁凤楚等著@Fding bang kai,ding feng chu deng zhu |
| 210 | @a南京@c东南大学出版社@d2008.09 | |
| 215 | @a377页@d21cm | |
| 320 | @a有书目 (第373-376页) | |
| 330 | @a本书主要内容包括:社会中介组织的概念和基本特征,社会中介组织的作用,社会中介组织的法律性质,国外社会中介组织的发展等。 | |
| 606 | 0 | @a中介组织@Azhong jie zu zhi@x法律@x研究@y中国 |
| 690 | @aD922.294.4@v4 | |
| 701 | 0 | @a丁邦开@Ading bang kai@4著 |
| 701 | 0 | @a丁凤楚@Ading feng chu@4著 |
| 801 | 0 | @aCN@bQSSK@c20090919 |
| 905 | @b757214-16@dD922.294.4@eD513@f3 | |
| 社会中介组织法律地位/丁邦开, 丁凤楚等著.-南京:东南大学出版社,2008.09 |
| 377页;21cm |
| ISBN 978-7-5641-1368-1:CNY32.00 |
| 本书主要内容包括:社会中介组织的概念和基本特征,社会中介组织的作用,社会中介组织的法律性质,国外社会中介组织的发展等。 |
| ● |
| 相关链接 |
|
|
|
正题名:社会中介组织法律地位
索取号:D922.294.4/D513
 
预约/预借
| 序号 | 登录号 | 条形码 | 馆藏地/架位号 | 状态 | 备注 |
| 1 | 757214 | 207572143 | 社科库509/509社科库 88排2列1层/ [索取号:D922.294.4/D513] | 在馆 | |
| 2 | 757215 | 207572152 | 社科库509/509社科库 88排2列1层/ [索取号:D922.294.4/D513] | 在馆 | |
| 3 | 757216 | 207572161 | 社科库509/509社科库 88排2列1层/ [索取号:D922.294.4/D513] | 在馆 |